|
|
|
|
| LEADER |
00000cam a22000004a 4500 |
| 001 |
musev2_371 |
| 003 |
MdBmJHUP |
| 005 |
20230905040053.0 |
| 006 |
m o d |
| 007 |
cr||||||||nn|n |
| 008 |
090311s2010 nyu o 00 0 eng d |
| 010 |
|
|
|z 2009008531
|
| 020 |
|
|
|a 9781438429397
|
| 020 |
|
|
|z 1438429371
|
| 020 |
|
|
|z 9781438429373
|
| 020 |
|
|
|z 1438429398
|
| 035 |
|
|
|a (OCoLC)609442686
|
| 040 |
|
|
|a MdBmJHUP
|c MdBmJHUP
|
| 050 |
0 |
4 |
|a HQ1121
|b .C69 2010
|
| 082 |
0 |
|
|a 305.4201
|2 22
|
| 245 |
0 |
0 |
|a Critical Transnational Feminist Praxis /
|c edited by Amanda Lock Swarr and Richa Nagar.
|
| 264 |
|
1 |
|a Albany, NY :
|b SUNY Press,
|c 2010.
|
| 264 |
|
3 |
|a Baltimore, Md. :
|b Project MUSE,
|c 2011
|
| 264 |
|
4 |
|c ©2010.
|
| 300 |
|
|
|a 1 online resource (244 pages):
|b ill., map ;
|
| 336 |
|
|
|a text
|b txt
|2 rdacontent
|
| 337 |
|
|
|a computer
|b c
|2 rdamedia
|
| 338 |
|
|
|a online resource
|b cr
|2 rdacarrier
|
| 490 |
0 |
|
|a SUNY series, praxis: theory in action
|
| 504 |
|
|
|a Includes bibliographical references and index.
|
| 505 |
0 |
|
|a Cartographies of knowledge and power : transnational feminism as radical praxis / M. Jacqui Alexander and Chandra Talpade Mohanty -- Disavowed legacies and honorable thievery : the work of the "transnational" in feminist and LGBTQ studies / Jigna Desai, Danielle Bouchard, and Diane Detournay -- Seeing beyond the state / the Filipino-Canadian Youth Alliance -- Conflicts and collaborations : building trust in transitional South Africa / Sam Bullington and Amanda Lock Swarr -- Feminist academic and activist praxis in service of the transnational / Karen de Souza and Linda Peake -- Still playing with fire : intersectionality, activism, and NGO-ized feminism / Sangtin Writers (Reena, Richa Nagar, Richa Singh, and Surbala) -- So much to remind us we are dancing on other people's blood : moving towards artistic excellence, moving from silence to speech, moving in water, with Ananya Dance Theatre / Omise'eke Natasha Tinsley, Ananya Chatterjea, Hui Niu Wilcox, and Shannon Gibney -- Remapping the Americas : a transnational engagement with creative tensions of community arts / Deborah Barndt -- Envisioning justice : the politics and possibilities of transnational feminist film / Rachel Silvey.
|
| 588 |
|
|
|a Description based on print version record.
|
| 650 |
|
0 |
|a Feminism
|v Cross-cultural studies.
|
| 655 |
|
7 |
|a Electronic books.
|2 local
|
| 700 |
1 |
|
|a Nagar, Richa.
|
| 700 |
1 |
|
|a Swarr, Amanda Lock.
|
| 710 |
2 |
|
|a Project Muse.
|e distributor
|
| 830 |
|
0 |
|a Book collections on Project MUSE.
|
| 856 |
4 |
0 |
|z Texto completo
|u https://projectmuse.uam.elogim.com/book/371/
|
| 945 |
|
|
|a Project MUSE - Custom Collection
|
| 945 |
|
|
|a Project MUSE - 2010 Global Cultural Studies
|
| 945 |
|
|
|a Project MUSE - 2010 Complete
|